000 01347cam a22003374a 4500
999 _c128911
_d128911
001 13684402
003 ARRUPE
005 20190208123734.0
008 040811s2002 cc a c 000 0 eng
010 _a 2004391967
020 _a7801138856
040 _aDLC
_cDLC
_dDLC
041 1 _aeng
_hchi
042 _apcc
043 _aa-cc-ti
050 0 0 _aSPC. DS786
_b.Z462 2002
082 0 0 _a951/.5
_222
100 1 _aZhang, Yuxin.
_944420
245 1 0 _aTestimony of history /
_ccompiled by Information Office of the State Council, People's Republic of China ; [writer Zhang Yuxin, translator Xiang Hongjia]
250 _a1st ed.
260 _a[Beijing] :
_bChina Intercontinental Press,
_c2002 .
300 _a251 p. :
_bcol. ill. ;
_c29 cm.
500 _aMaterials included are selected from the exhibition "Pearl of the Snow Land" and supplemented by many other treasures.
650 0 _aArt objects
_zChina
_zTibet Autonomous Region
_vExhibitions.
_944421
651 0 _aTibet Autonomous Region (China)
_xHistory
_vExhibitions.
_944422
651 0 _aTibet Autonomous Region (China)
_xHistory
_vSources.
_944423
700 _aHongjia, Xiang
_etr.
_944527
710 1 _aChina.
_bGuo wu yuan.
_bXin wen ban gong shi.
_944424
906 _a7
_bcbc
_corignew
_d2
_encip
_f20
_gy-gencatlg
942 _2lcc
_cSPC